Southville International School and Colleges
Your cart is empty.
  • Cart
  • Lists
    Public lists Eva Luna New books Lux_list list_1
    Your lists Log in to create your own lists
  • Log in to your account
  • Your cookies
  • Search history
Southville International School and Colleges
  • Advanced search
  • Recent comments
  • Most popular
  • Libraries

Log in to your account

Log in with GOOGLE


If you do not have an external account, but do have a local account, you can still log in:

  1. Home
  2. MARC view: Key concepts in chemistry
Normal view MARC view ISBD view

Key concepts in chemistry (Record no. 365121)

[ view plain ]
MARC details
000 -LEADER
fixed length control field 00566nam a22001937a 4500
003 - CONTROL NUMBER IDENTIFIER
control field 0
005 - DATE AND TIME OF LATEST TRANSACTION
control field 20230911143855.0
008 - FIXED-LENGTH DATA ELEMENTS--GENERAL INFORMATION
fixed length control field 230811b xxu||||| |||| 00| 0 eng d
020 ## - INTERNATIONAL STANDARD BOOK NUMBER
International Standard Book Number 978-1-77469-148-9
050 ## - LIBRARY OF CONGRESS CALL NUMBER
Classification number QD 31.2
Item number .F57 2022
100 ## - MAIN ENTRY--PERSONAL NAME
Personal name Fiscal, Rainer Roldan
245 ## - TITLE STATEMENT
Title Key concepts in chemistry
Statement of responsibility, etc Rainer Roldan Fiscal
260 ## - PUBLICATION, DISTRIBUTION, ETC. (IMPRINT)
Place of publication, distribution, etc Canada
Name of publisher, distributor, etc Arcler Press
Date of publication, distribution, etc 2022
300 ## - PHYSICAL DESCRIPTION
Extent xv, 283 p. :
Other physical details col. ill. ;
Dimensions 24 cm.
500 ## - GENERAL NOTE
General note Chemistry.
504 ## - BIBLIOGRAPHY, ETC. NOTE
Bibliography, etc Includes bibliographical references and indexes.
650 ## - SUBJECT ADDED ENTRY--TOPICAL TERM
Topical term or geographic name as entry element Chemistry.
942 ## - ADDED ENTRY ELEMENTS (KOHA)
Source of classification or shelving scheme Library of Congress Classification
Koha item type Books
Holdings
Withdrawn status Lost status Source of classification or shelving scheme Damaged status Home library Current library Shelving location Date acquired Source of acquisition Total Checkouts Full call number Barcode Date last seen Price effective from Koha item type
    Library of Congress Classification   College Library College Library Reserve Section 08/11/2023 Library Fund   QD 31.2 .F57 2022 C22835 08/11/2023 08/11/2023 Books

Key concepts in chemistry

APA

Fiscal R. R., . (2022). Key concepts in chemistry. Canada: Arcler Press.

Chicago

Fiscal Rainer Roldan, . 2022. Key concepts in chemistry. Canada: Arcler Press.

Harvard

Fiscal R. R., . (2022). Key concepts in chemistry. Canada: Arcler Press.

MLA

Fiscal Rainer Roldan, . Key concepts in chemistry. Canada: Arcler Press. 2022.

  • Place hold
  • Print
  • Cite
  • Add to your cart (remove)
  • Save record
    BIBTEX Dublin Core MARCXML MARC (non-Unicode/MARC-8) MARC (Unicode/UTF-8) MARC (Unicode/UTF-8, Standard) MODS (XML) RIS
  • More searches
    Search for this title in:
    Other Libraries (WorldCat) Other Databases (Google Scholar) Online Stores (Bookfinder.com) Open Library (openlibrary.org)

Exporting to Dublin Core...

SOUTHVILLE LIBRARY

Southville International School and Colleges Library

1281 Tropical Ave. Cor. Luxembourg St., BF Homes International, Las Pinas City

Tel. No. 8256374 / 252358 Loc. 117/146

Powered by Koha